Migrants, workers, and the social order

Αποθηκεύτηκε σε:
Λεπτομέρειες βιβλιογραφικής εγγραφής
Άλλοι συγγραφείς: Eades, J. S. (Jeremy Seymour) 1945- (Επιμελητής έκδοσης)
Μορφή: Βιβλίο
Γλώσσα:English
Δημοσίευση: London; New York : Travistock, 1987
Σειρά:A.S.A. monographs ; ; 26
Θέματα:
Ετικέτες: Προσθήκη ετικέτας
Δεν υπάρχουν, Καταχωρήστε ετικέτα πρώτοι!

MARC

LEADER 00000cam a2200000 i 4500
001 1/5439
008 960604s1987 eng d
020 |a 0-422-61680-X 
035 |l 10016004 
040 |a GR-MY-UA  |b gre  |e aacr 
041 0 |a eng 
082 0 |a 331.544091724 
245 1 0 |a Migrants, workers, and the social order /  |c Edited by Jeremy Eades 
260 |a London; New York :   |b Travistock,   |c 1987 
300 |a 281 p. 
490 1 |a Association of Social Anthropologists monographs series  |v ; 26 
504 |a Includes index and bibliographical references 
650 0 0 |a Migrant labor  |z Developing countries  |x Congresses. 
650 0 0 |a Rural-urban migration  |z Developing countries  |x Congresses. 
650 0 0 |a Migration, Internal  |z Developing countries  |x Congresses. 
650 0 0 |a Economic anthropology  |x Congresses. 
700 1 |a Eades, J. S.  |q (Jeremy Seymour)  |d 1945-  |e edt 
830 0 |a A.S.A. monographs ;  |v ; 26 
852 |a INST  |b LESVOS  |e 19960604  |h 331.544091724 MIG  |p 005100004376  |q 005100004376  |t BK  |y 0 
909 |a Λ  |b 017059